Antología poética de la generación del 27 / (Registro nro. 10551)

Detalles MARC
000 -LIDER
fixed length control field 00995nam a2200337 c 4500
001 - NÚMERO DE CONTROL
Identificador de número de control a5200
003 - IDENTIFICACDOR DE NÚMERO DE CONTROL
control field DO-SdBNP
005 - DATE AND TIME OF LATEST TRANSACTION
control field 20230703133018.0
007 - CAMPOS FIJOS DE DESCRIPCIÓN FÍSICA
fixed length control field a5200
008 - ELEMENTOS DE LONGITUD FIJA
fixed length control field 120507s2011 sp | 000 p spa
015 ## - NÚMERO DENTRO DE LA BIBLIOGRAFÍA NACIONAL
National bibliography number
017 ## - NÚMERO DE REGISTRO DE DERECHOS DE AUTOR
Copyright or legal deposit number
Assigning agency
020 ## - ISBN
International Standard Book Number 97897073210964
035 ## - NÚMERO LOCAL
System control number
040 ## - FUENTE DE CATALOGACIÓN
Agencia que crea de manera original el registro BPMSU
Idioma de catalogación spa
Agencia que realiza la transcripción BPMSU
Convenciones de la despripción
080 ## - NÚMERO DE CLASIFICACIÓN DECIMAL UNIVERSAL
Universal Decimal Classification number
082 #4 - NÚMERO DE CLASIFICACIÓN DECIMAL DE DEWEY
Classification number 861.08
Item number A634p 2011
Edition number 22
245 00 - MENCIÓN DE TITULO
Título Antología poética de la generación del 27 /
Mención de responsabilidad selección, estudio y notas por Manuel Cifo González
250 ## - MENCIÓN DE EDICION
Mención de edición
260 ## - PUBLICACIÓN, DISTRIBUCIÓN, ETC. (PIE DE IMPRENTA)
Lugar de publicación, distribución, etc Madrid :
Nombre del editor, distribuidor, etc. Castalia,
Fecha de publicación, distribución, etc 2011
300 ## - DESCRIPCIÓN FÍSICA
Extensión 398 p. :
Otros detalles físicos il. ;
Dimensiones 19 cm
490 0# - MENCIÓN DE SERIES
Mención de serie Punto de lectura
Volume/sequential designation 300/16
500 ## - NOTA GENERAL
Nota general Edición anotada y comentada
500 ## - NOTA GENERAL
Nota general Incluye notas al pie de las páginas
590 ## - NOTA LOCAL
Enlace Inventariado, 2023/VM
650 #4 - ENCABEZAMIENTO DE MATERIA--TEMÁTICO
Término temático o nombre geográfico como elemento de entrada Poesía española
Subdivisión de forma Colecciones de escritos
Subdivisión cronológica
Fuente del encabezamiento o término
650 #4 - ENCABEZAMIENTO DE MATERIA--TEMÁTICO
Término temático o nombre geográfico como elemento de entrada Poetas españoles
Subdivisión de forma Biografías
700 1# - ASIENTO SECUNDARIO -- NOMBRE PERSONAL
Nombre personal González, Manual
910 ## - VALIDACIÓN
Validación VMateo V. Control de calidad (BPMSU)
942 ## - ADDED ENTRY ELEMENTS (KOHA)
Source of classification or shelving scheme Dewey Decimal Classification
Koha item type Libros
Existencias
Withdrawn status Lost status Source of classification or shelving scheme Damaged status Not for loan Collection code Home library Current library Date acquired Source of acquisition Full call number Barcode Date last seen Price effective from Koha item type Total Checkouts Copy number
    Dewey Decimal Classification     Colección General Biblioteca Pública Metropolitana Salomé Ureña Biblioteca Pública Metropolitana Salomé Ureña 06/23/2016 ALFAGUARA BPMSU CG 861.08 A634p 2011 BPMSU16060462 06/23/2016 06/23/2016 Libros    
    Dewey Decimal Classification     Colección General Biblioteca Pública Metropolitana Salomé Ureña Biblioteca Pública Metropolitana Salomé Ureña 06/23/2016 ALFAGUARA BPMSU CG 861.08 A634p 2011 BPMSU16060463 06/23/2016 06/23/2016 Libros   e.2
    Dewey Decimal Classification     Colección General Biblioteca Pública Metropolitana Salomé Ureña Biblioteca Pública Metropolitana Salomé Ureña 06/23/2016 ALFAGUARA BPMSU CG 861.08 A634p 2011 BPMSU23080012 08/11/2023 06/23/2016 Libros   e.2